|
|
|
|
| LEADER |
00000cam a22000004a 4500 |
| 001 |
musev2_13480 |
| 003 |
MdBmJHUP |
| 005 |
20230905041504.0 |
| 006 |
m o d |
| 007 |
cr||||||||nn|n |
| 008 |
110202s2011 tnu o 00 0 eng d |
| 010 |
|
|
|z 2011003062
|
| 020 |
|
|
|a 9780826517975
|
| 020 |
|
|
|z 9780826517951
|
| 020 |
|
|
|z 9780826517968
|
| 035 |
|
|
|a (OCoLC)766429716
|
| 040 |
|
|
|a MdBmJHUP
|c MdBmJHUP
|
| 043 |
|
|
|a n-us---
|
| 050 |
0 |
4 |
|a HQ1063.6
|b .H374 2011
|
| 082 |
0 |
|
|a 306.874092
|a B
|2 22
|
| 100 |
1 |
|
|a Hartmann, Christine W.
|
| 245 |
1 |
0 |
|a So Far Away :
|b A Daughter's Memoir of Life, Loss, and Love /
|c Christine W. Hartmann.
|
| 264 |
|
1 |
|a Nashville :
|b Vanderbilt University Press,
|c 2011.
|
| 264 |
|
3 |
|a Baltimore, Md. :
|b Project MUSE,
|c 2012
|
| 264 |
|
4 |
|c ©2011.
|
| 300 |
|
|
|a 1 online resource (224 pages):
|b ill. ;
|
| 336 |
|
|
|a text
|b txt
|2 rdacontent
|
| 337 |
|
|
|a computer
|b c
|2 rdamedia
|
| 338 |
|
|
|a online resource
|b cr
|2 rdacarrier
|
| 588 |
|
|
|a Description based on print version record.
|
| 600 |
1 |
0 |
|a Hartmann, Christine W.
|x Family.
|
| 600 |
1 |
0 |
|a Hartmann, Christine W.
|
| 650 |
|
0 |
|a Terminal care
|z United States.
|
| 650 |
|
0 |
|a Aging parents
|x Care
|z United States.
|
| 650 |
|
0 |
|a Fathers and daughters
|z United States
|v Biography.
|
| 650 |
|
0 |
|a Mothers and daughters
|z United States
|v Biography.
|
| 650 |
|
0 |
|a Adult children of aging parents
|z United States
|v Biography.
|
| 655 |
|
7 |
|a Electronic books.
|2 local
|
| 710 |
2 |
|
|a Project Muse.
|e distributor
|
| 830 |
|
0 |
|a Book collections on Project MUSE.
|
| 856 |
4 |
0 |
|z Texto completo
|u https://projectmuse.uam.elogim.com/book/13480/
|
| 945 |
|
|
|a Project MUSE - Custom Collection
|
| 945 |
|
|
|a Project MUSE - 2011 Complete
|
| 945 |
|
|
|a Project MUSE - 2011 Global Cultural Studies
|